000 00555nam a2200181Ia 4500
003 GCL
008 140319s9999 xx 000 0 ara d
040 _aGCL /
_cGCL
082 0 4 _a408.2
_bج ص
100 1 _aجورج مدبك
245 1 0 _aصناعة الترجمة كيف تترجم بحثا او رسالة من العربية الى الانجليزية /
_cجورج مدبك
300 _a54 ص
490 _a100 قصة
_v0
650 0 4 _aاللغة العربية
650 0 4 _aالترجمة
650 0 4 _aفن الترجمة
942 _2ddc
_cBK
999 _c43992
_d43992